Nonmetallic flat gaskets for pipe flanges /

Guardado en:
Autor Corporativo: América National Standard.
Formato: Libro
Idioma:English
Publicado: New York : The América Society of Mechanical Engineers (ASME), 1978.
Materias:
Etiquetas: Agregar Etiqueta
Sin Etiquetas, Sea el primero en etiquetar este registro!
LEADER 00738nam a22001935a 4500
001 EIQ.libpla002002
008 070322s1978####nyua##########000#0#eng#d
005 20070322191457.0
245 1 0 |a Nonmetallic flat gaskets for pipe flanges /  |c América National Standard. 
260 |a New York :  |b The América Society of Mechanical Engineers (ASME),  |c 1978. 
300 |a vii, [28] h. :  |b il., tablas ;  |c 29 cm. 
500 |a "ANSI B16.21-1978 (revision of ASA B16.21-1962)". 
650 4 |a Tuberías  |x Estándares. 
650 4 |a Procesos  |x Tuberías. 
650 4 |a Processes  |x Pipes. 
650 4 |a Pipes  |x Standards. 
040 |a AR-BbSID  |b spa  |c AR-BbSID 
110 2 |a América National Standard. 
859 |a AR-BbSID  |b BIB. PLAPIQUI  |h 621.867 2  |i An 81  |k R  |p 4987  |v B16.21